000 00599cam a22002293a 4500
001 9470
003 PGUSA
005 20140828083212.0
008 051201s2005||||xxu|||||s|||||000 | eng d
040 _aPGUSA
_beng
042 _adc
050 4 _aPR
100 1 _aGlyn, Elinor,
_d1864-1943
245 1 0 _aHis Hour
_h[electronic resource] /
_cElinor Glyn
260 _bProject Gutenberg,
_c2005
506 _aPublic domain in the USA.
516 _aElectronic text
653 _aLove stories
830 0 _aProject Gutenberg
_v9470
856 4 0 _uhttp://www.gutenberg.org/ebooks/9470
942 _cEB
999 _c238726
_d238726